[Event "Bahn-chH"]
[Site "Baiersbronn"]
[Date "1998.10.26"]
[Round "3"]
[White "Martin, Eberhard"]
[Black "Fischer, Heidi"]
[Result "0-1"]
[WhiteElo "1742"]
[BlackElo "1463"]
[PlyCount "86"]
[EventDate "1998.10.25"]
[EventType "swiss"]
[EventRounds "7"]
[EventCountry "GER"]
[SourceTitle "EXT 2001"]
[Source "ChessBase"]
[SourceDate "2000.11.22"]
[SourceVersion "1"]
[SourceVersionDate "2000.11.22"]
[SourceQuality "1"]

1. e4 c5 2. Nf3 Nc6 3. c3 e6 4. Bb5 d5 5. Bxc6+ bxc6 6. e5 d4 7. cxd4 cxd4 8. Qa4 Bc5 9. Qxc6+ Bd7 10. Qxc5 Rc8 11. Qxc8 Qxc8 12. 0-0 Bb5 13. Re1 Qd7 14. b3 Ne7 15. Ba3 0-0 16. Bxe7 Qxe7 17. Nxd4 Ba6 18. Nc3 Qd7 19. Nf3 h6 20. d4 g5 21. h3 f5 22. exf6 Rxf6 23. Ne4 Rxf3 24. gxf3 Qxd4 25. Rad1 Qb2 26. Rd2 Qe5 27. Red1 Bb5 28. Kg2 Kg7 29. Rc1 a6 30. Rc3 Qf4 31. Rc8 h5 32. a4 g4 33. hxg4 hxg4 34. axb5 Qxf3+ 35. Kg1 Qxe4 36. b6 Qe1+ 37. Kg2 Qxd2 38. Rc7+ Kf6 39. b7 Qd5+ 40. Kf1 Qxb3 41. Ke2 Qb5+ 42. Kd1 Qb3+ 43. Ke1 a5 0-1